Codes and curves / (Record no. 24126)
[ view plain ]
| 000 -LEADER | |
|---|---|
| fixed length control field | 01070cam a22003135a 4500 |
| 001 - CONTROL NUMBER | |
| control field | 11959470 |
| 005 - DATE AND TIME OF LATEST TRANSACTION | |
| control field | 20240818093023.0 |
| 008 - FIXED-LENGTH DATA ELEMENTS--GENERAL INFORMATION | |
| fixed length control field | 000331r20122002riua frb 000 0 eng d |
| 010 ## - | |
| -- | 00038112 |
| 020 ## - INTERNATIONAL STANDARD BOOK NUMBER | |
| International Standard Book Number | 082182628X (softcover : alk. paper) |
| 040 ## - CATALOGING SOURCE | |
| Original cataloging agency | DLC |
| Language of cataloging | eng |
| Transcribing agency | DLC |
| Modifying agency | DLC |
| -- | EG-ScBUE |
| 082 04 - DEWEY DECIMAL CLASSIFICATION NUMBER | |
| Classification number | 516.352 |
| Item number | WAL |
| Edition number | 22 |
| 100 1# - MAIN ENTRY--PERSONAL NAME | |
| Personal name | Walker, Judy L., |
| Dates associated with a name | 1969- |
| 245 10 - TITLE STATEMENT | |
| Title | Codes and curves / |
| Statement of responsibility, etc | Judy L. Walker. |
| 260 ## - | |
| -- | Providence : |
| -- | American Mathematical Society : |
| -- | Institute for Advanced study, |
| -- | 2012. |
| 300 ## - PHYSICAL DESCRIPTION | |
| Extent | xii, 68 p. : |
| Other physical details | ill. ; |
| Dimensions | 22 cm. |
| 336 ## - CONTENT TYPE | |
| Source | rdacontent |
| Content type term | text |
| Content type code | txt |
| 337 ## - MEDIA TYPE | |
| Media type term | unmediated |
| Source | rdamedia |
| Media type code | n |
| 338 ## - CARRIER TYPE | |
| Carrier type term | volume |
| Carrier type code | nc |
| Source | rdacarrier |
| 490 0# - SERIES STATEMENT | |
| Series statement | Student mathematical library, |
| International Standard Serial Number | 1520-9121 ; |
| Volume number/sequential designation | v. 7. |
| Series statement | IAS/Park City mathematical subseries |
| 500 ## - GENERAL NOTE | |
| General note | Reprint of the 2002 ed.<br/> |
| 504 ## - BIBLIOGRAPHY, ETC. NOTE | |
| Bibliography, etc | Bibliography : p. 65-66. |
| 650 #7 - SUBJECT ADDED ENTRY--TOPICAL TERM | |
| Topical term or geographic name as entry element | Coding theory. |
| Source of heading or term | BUEsh |
| 650 #7 - SUBJECT ADDED ENTRY--TOPICAL TERM | |
| Topical term or geographic name as entry element | Curves, Algebraic. |
| Source of heading or term | BUEsh |
| 651 ## - SUBJECT ADDED ENTRY--GEOGRAPHIC NAME | |
| Source of heading or term | BUEsh |
| 653 ## - INDEX TERM--UNCONTROLLED | |
| Resource For college | BAEPS, Business Administration |
| Arrived date list | February2017 |
| 655 ## - INDEX TERM--GENRE/FORM | |
| Form subdivision | Reading book |
| 9 (RLIN) | 34232 |
| 942 ## - ADDED ENTRY ELEMENTS (KOHA) | |
| Source of classification or shelving scheme | Dewey Decimal Classification |
| Classification part | RDA-MOD |
| Withdrawn status | Lost status | Source of classification or shelving scheme | Damaged status | Not for loan | Collection code | Home library | Current library | Shelving location | Date acquired | Source of acquisition | Cost, normal purchase price | Total Checkouts | Full call number | Barcode | Date last seen | Cost, replacement price | Koha item type |
|---|---|---|---|---|---|---|---|---|---|---|---|---|---|---|---|---|---|
| Dewey Decimal Classification | Baccah | Central Library | Central Library | First floor | 11/02/2017 | Purchase | 450.00 | 516.352 WAL | 000045417 | 15/07/2025 | 563.00 | Book - Borrowing |